| 000 | 00450nam a22001697a 4500 | ||
|---|---|---|---|
| 003 | NUST | ||
| 005 | 20260514152026.0 | ||
| 008 | 260514b ||||| |||| 00| 0 eng d | ||
| 041 | _aUrdu. | ||
| 082 |
_a891.4391 _bSHA |
||
| 100 |
_aDr Nadeem Shafiq Malik _91666 |
||
| 245 |
_aNawadrat e Allama Iqbal _cDr Nadeem Shafiq Malik. |
||
| 260 |
_aPakistan: _bFiction House, _c2015. |
||
| 300 |
_a336 p ; _c28.9 cm |
||
| 563 | _aHardcover | ||
| 942 |
_2ddc _cBK |
||
| 999 |
_c617469 _d617469 |
||